[Event "Bad Woerishofen Sen"]
[Site "Bad Woerishofen"]
[Date "2001.??.??"]
[Round "3"]
[White "Hausner, Alfreda"]
[Black "Fehres, Werner"]
[Result "0-1"]
[WhiteElo "1670"]
[BlackElo "1816"]
[Annotator "ChessOrg"]
[PlyCount "38"]
[EventDate "1998.03.05"]
[Source "ChessBase"]
[SourceDate "1998.04.29"]

1. d4 d5 2. Nf3 Nf6 3. Bf4 e6 4. h3 Bd6 5. Bxd6 cxd6 6. c3 O-O 7. e3 Bd7 8. Bd3
Ne4 9. Nbd2 f5 10. O-O Nc6 11. Ne1 Qe7 12. Bxe4 fxe4 13. f4 Rf6 14. Kh2 Rh6 15.
Rg1 Qh4 16. Qe2 e5 17. Qf1 Rf8 18. g4 exf4 19. exf4 Rxf4 0-1

[Event "Bad Woerishofen Sen"]
[Site "Bad Woerishofen"]
[Date "2001.??.??"]
[Round "5"]
[White "Hausner, Alfreda"]
[Black "Turboust, Roger"]
[Result "1/2-1/2"]
[WhiteElo "1670"]
[BlackElo "1790"]
[Annotator "ChessOrg"]
[PlyCount "117"]
[EventDate "1998.03.05"]
[Source "ChessBase"]
[SourceDate "1998.04.29"]

1. d4 d5 2. Nf3 e6 3. e3 Nf6 4. Bd3 Be7 5. O-O O-O 6. c4 c6 7. b3 Nbd7 8. Bb2
Re8 9. Nbd2 Qa5 10. Qc2 Nf8 11. a3 Ng6 12. b4 Qd8 13. c5 Nd7 14. Rfe1 f5 15. g3
Nf6 16. Bf1 Ng4 17. Bg2 Bf6 18. h3 Nh6 19. Ne5 Bxe5 20. dxe5 Nf7 21. f4 Nf8 22.
Nf3 g5 23. h4 gxh4 24. Nxh4 Nh6 25. Bf3 Re7 26. Kf2 Rg7 27. Rh1 Ng4+ 28. Bxg4
Rxg4 29. Rag1 a5 30. Bc3 axb4 31. axb4 Bd7 32. Ra1 Rxa1 33. Bxa1 Qe7 34. Qc1
Be8 35. Nf3 Qg7 36. Rh3 Bg6 37. Nh2 h5 38. Nxg4 fxg4 39. Rh1 Qf7 40. Bd4 Qf5
41. Qd1 Nh7 42. Qe2 Ng5 43. Ra1 Ne4+ 44. Kg2 h4 45. gxh4 Bh5 46. Qa2 g3 47.
Qa8+ Kg7 48. Qxb7+ Kg6 49. Ra8 Bf3+ 50. Kg1 Kh5 51. Rh8+ Kg4 52. Qh7 Kh3 53.
Qxf5+ exf5 54. e6 Bg4 55. Ra8 Nd2 56. Ra2 Nf3+ 57. Kf1 Nh2+ 58. Kg1 Nf3+ 59.
Kf1 1/2-1/2

[Event "Bad Woerishofen Sen"]
[Site "Bad Woerishofen"]
[Date "2001.??.??"]
[Round "7"]
[White "Hausner, Alfreda"]
[Black "Garbe, Heinz"]
[Result "1/2-1/2"]
[WhiteElo "1670"]
[BlackElo "1700"]
[Annotator "ChessOrg"]
[PlyCount "57"]
[EventDate "1998.03.05"]
[Source "ChessBase"]
[SourceDate "1998.04.29"]

1. d4 Nf6 2. Nf3 d6 3. e3 b6 4. Nbd2 Bb7 5. b3 e6 6. Bb2 Be7 7. Bd3 Nbd7 8. O-O
Rc8 9. c4 h6 10. e4 O-O 11. Qe2 g6 12. h3 Kh7 13. d5 e5 14. Nh2 Nc5 15. Bc2 Ra8
16. f4 exf4 17. Rxf4 Ng8 18. Raf1 Qe8 19. Qf2 f6 20. Ng4 Nd7 21. Qd4 Ne5 22.
Qe3 g5 23. R4f2 Bc8 24. Bd1 Nxg4 25. Bxg4 Bxg4 26. hxg4 Qg6 27. Rf5 Rae8 28.
Qh3 Bd8 29. Kh1 1/2-1/2

[Event "Bad Woerishofen Sen"]
[Site "Bad Woerishofen"]
[Date "2001.??.??"]
[Round "9"]
[White "Hausner, Alfreda"]
[Black "Buesdorf, Konrad"]
[Result "1/2-1/2"]
[WhiteElo "1670"]
[BlackElo "1901"]
[Annotator "ChessOrg"]
[PlyCount "85"]
[EventDate "1998.03.05"]
[Source "ChessBase"]
[SourceDate "1998.04.29"]

1. d4 d5 2. Nf3 c6 3. c3 Nf6 4. Bf4 Nbd7 5. e3 e6 6. Bd3 Be7 7. h3 O-O 8. O-O
c5 9. Nbd2 c4 10. Bc2 b5 11. e4 Bb7 12. e5 Nh5 13. Be3 g6 14. Bh6 Ng7 15. a3 a5
16. Qe2 b4 17. Nb1 Qb6 18. Ba4 Bc6 19. Bxc6 Qxc6 20. Bd2 Rfb8 21. axb4 axb4 22.
Rxa8 Qxa8 23. cxb4 Bxb4 24. Nc3 Qa5 25. Rb1 Ra8 26. Qe1 Nb8 27. Kf1 Nc6 28. g4
Qb6 29. Be3 Rb8 30. Qc1 Na5 31. Nd2 Ne8 32. Qc2 Bf8 33. Na4 Qa6 34. Nc3 Nb3 35.
Kg2 f5 36. g5 Nc7 37. f4 Nxd2 38. Bxd2 Rb3 39. h4 Bb4 40. Qc1 Qb6 41. Qg1 Nb5
42. Nxb5 Bxd2 43. Qd1 1/2-1/2

[Event "Bad Woerishofen Sen"]
[Site "Bad Woerishofen"]
[Date "2001.??.??"]
[Round "1"]
[White "Heissenboettel, Hans"]
[Black "Pukropski, Walter"]
[Result "1-0"]
[WhiteElo "1950"]
[BlackElo "1700"]
[Annotator "ChessOrg"]
[PlyCount "93"]
[EventDate "1998.03.05"]
[Source "ChessBase"]
[SourceDate "1998.04.29"]

1. c4 c5 2. Nc3 Nc6 3. Nf3 Nf6 4. g3 g6 5. Bg2 Bg7 6. d4 cxd4 7. Nxd4 O-O 8.
O-O Nxd4 9. Qxd4 d6 10. Qd2 a6 11. b3 Qc7 12. Bb2 Bd7 13. Rac1 Bc6 14. Nd5 Qd8
15. Nxf6+ exf6 16. Rfd1 Re8 17. e3 Re6 18. c5 Bxg2 19. Kxg2 Bf8 20. Ba3 Rc8 21.
Rc4 Qd7 22. Kg1 Qb5 23. cxd6 Qd7 24. Qb4 Ree8 25. Qb6 Rxc4 26. bxc4 Rc8 27. c5
Qa4 28. Qb3 Qd7 29. Rb1 Rb8 30. Qd5 Qc8 31. e4 f5 32. exf5 gxf5 33. Rb3 Bg7 34.
Rf3 Qe6 35. Rxf5 Qe8 36. Kg2 Qe6 37. Bb4 h6 38. Qxe6 fxe6 39. Rf4 e5 40. Rf3
Rd8 41. Ba5 Rd7 42. Bb6 Bf8 43. Bc7 Bg7 44. Rb3 Rf7 45. f3 e4 46. fxe4 Bd4 47.
Rf3 1-0

[Event "Bad Woerishofen Sen"]
[Site "Bad Woerishofen"]
[Date "2001.??.??"]
[Round "3"]
[White "Heissenboettel, Hans"]
[Black "Wolf, Alfred"]
[Result "1-0"]
[WhiteElo "1950"]
[BlackElo "1762"]
[Annotator "ChessOrg"]
[PlyCount "99"]
[EventDate "1998.03.05"]
[Source "ChessBase"]
[SourceDate "1998.04.29"]

1. c4 Nf6 2. Nc3 g6 3. d4 Bg7 4. e4 d6 5. f3 O-O 6. Be3 Nc6 7. Qd2 e5 8. Nge2
a6 9. Rd1 Rb8 10. Nd5 Nh5 11. g4 exd4 12. Nxd4 Nf6 13. Nxc6 bxc6 14. Nc3 Qe7
15. Be2 Nd7 16. O-O Ne5 17. Bg5 f6 18. Bh4 Be6 19. b3 Qf7 20. h3 f5 21. exf5
gxf5 22. f4 Ng6 23. Bg3 Qd7 24. g5 Ne7 25. Na4 Qc8 26. Bf3 Bd7 27. Rfe1 Rf7 28.
Bf2 Ng6 29. h4 Re7 30. Rxe7 Nxe7 31. Nc5 Be8 32. Re1 Ng6 33. Nd3 Nf8 34. Nb4
Qb7 35. Nc2 Rd8 36. Nd4 Bd7 37. Qd3 Ng6 38. Ne2 Re8 39. h5 Nf8 40. Nd4 Rxe1+
41. Bxe1 Ne6 42. Nxe6 Bxe6 43. Qe2 Bf7 44. Qe7 Qc8 45. h6 Bh8 46. Bxc6 Qb8 47.
Kg2 Bd4 48. Ba5 Bb6 49. Bc3 Qf8 50. Qf6 1-0

[Event "Bad Woerishofen Sen"]
[Site "Bad Woerishofen"]
[Date "2001.??.??"]
[Round "5"]
[White "Heissenboettel, Hans"]
[Black "Scheerer, Helmut"]
[Result "1/2-1/2"]
[WhiteElo "1950"]
[BlackElo "1784"]
[Annotator "ChessOrg"]
[PlyCount "116"]
[EventDate "1998.03.05"]
[Source "ChessBase"]
[SourceDate "1998.04.29"]

1. c4 Nf6 2. Nc3 e5 3. Nf3 Nc6 4. g3 Be7 5. Bg2 d6 6. d4 O-O 7. O-O h6 8. e3 a6
9. b3 Bf5 10. Bb2 Rb8 11. Nd5 exd4 12. Nxd4 Nxd4 13. Qxd4 Be6 14. Rac1 Bxd5 15.
cxd5 Ne8 16. Qf4 Bf6 17. Bxf6 Nxf6 18. Rc2 Re8 19. Rfc1 Re7 20. Qb4 Ne8 21. Qc4
Re5 22. b4 Qd7 23. Qb3 Kf8 24. a4 Ra8 25. Rd2 Re7 26. Bf1 c6 27. Bg2 cxd5 28.
Rxd5 Rc8 29. Rcd1 Qe6 30. Qd3 Kg8 31. Qf1 Qf6 32. R5d4 Rc2 33. a5 Rec7 34. Bd5
Qe7 35. Qg2 Rc1 36. Qf3 Nf6 37. Kg2 Rxd1 38. Rxd1 Nxd5 39. Qxd5 Rc6 40. Rd4 Qe6
41. Qf3 Qe7 42. Qd1 Qe5 43. Qd3 Qe7 44. Qf5 Qe6 45. Qd3 Qe7 46. b5 axb5 47.
Qxb5 Qc7 48. Rb4 Rc5 49. Qe8+ Kh7 50. Qe4+ f5 51. Qf3 Rxa5 52. Rxb7 Qc4 53. Rd7
Qd5 54. Re7 Kg6 55. Rc7 Kf6 56. Rc1 Qxf3+ 57. Kxf3 Ra2 58. Rd1 Ke5 1/2-1/2

[Event "Bad Woerishofen Sen"]
[Site "Bad Woerishofen"]
[Date "2001.??.??"]
[Round "7"]
[White "Heissenboettel, Hans"]
[Black "Claus, Joachim"]
[Result "1/2-1/2"]
[WhiteElo "1950"]
[BlackElo "1790"]
[Annotator "ChessOrg"]
[PlyCount "95"]
[EventDate "1998.03.05"]
[Source "ChessBase"]
[SourceDate "1998.04.29"]

1. c4 e5 2. Nc3 Bb4 3. g3 Bxc3 4. bxc3 d6 5. Bg2 Nc6 6. Rb1 Nge7 7. d3 O-O 8.
Ba3 b6 9. Nf3 Bd7 10. Nd2 Rb8 11. O-O Qc8 12. e4 Qa6 13. Qc1 Qc8 14. Qc2 Qe8
15. Bc1 Kh8 16. f3 Ng6 17. Rf2 Nge7 18. g4 Ng6 19. Nf1 Nf4 20. Ng3 g5 21. Be3
f6 22. Bf1 Ne7 23. h4 gxh4 24. Bxf4 hxg3 25. Bxg3 Qg6 26. Rh2 Rg8 27. Bg2 Qf7
28. Kf2 Rg7 29. Rbh1 Ng8 30. Kf1 Re8 31. Bf2 Re7 32. Be3 Qe8 33. Kf2 Qc8 34.
Bf1 Ref7 35. Be2 Be6 36. Rb1 Bd7 37. Qb2 Rf8 38. Qa3 Qa8 39. d4 c5 40. Rd1 Bc6
41. Rdh1 Rff7 42. Rb1 Qc8 43. d5 Be8 44. Rbh1 Qb7 45. Bd2 Qc8 46. Bc1 Qb7 47.
Bh6 Nxh6 48. Rxh6 1/2-1/2

[Event "Bad Woerishofen Sen"]
[Site "Bad Woerishofen"]
[Date "2001.??.??"]
[Round "9"]
[White "Heissenboettel, Hans"]
[Black "Wulf, Adalbert"]
[Result "1-0"]
[WhiteElo "1950"]
[BlackElo "1787"]
[Annotator "ChessOrg"]
[PlyCount "109"]
[EventDate "1998.03.05"]
[Source "ChessBase"]
[SourceDate "1998.04.29"]

1. c4 Nf6 2. Nc3 e5 3. Nf3 d6 4. d4 exd4 5. Nxd4 Be7 6. g3 O-O 7. Bg2 a5 8. O-O
Na6 9. b3 Re8 10. Bb2 Rb8 11. Qd2 Bf8 12. Rad1 g6 13. Ncb5 Bg7 14. e3 Ne4 15.
Qxa5 Bd7 16. Nc3 Nac5 17. Nxe4 Nxe4 18. Bxe4 Rxe4 19. Qd2 Bh3 20. f3 Bxf1 21.
fxe4 Bh3 22. Ne2 Qe7 23. Bxg7 Kxg7 24. Qd4+ Qf6 25. Nf4 Bg4 26. Qxf6+ Kxf6 27.
Nd5+ Ke5 28. Rf1 c6 29. Nc3 Be6 30. Kf2 Rf8 31. Ke2 f5 32. Kd2 Ra8 33. exf5
Bxf5 34. h4 h5 35. Rf4 Ra7 36. e4 Bg4 37. Ke3 Ra8 38. Rf7 Rd8 39. Rxb7 Rf8 40.
Re7+ Kf6 41. Rc7 Ke5 42. Rxc6 Rf3+ 43. Kd2 Rf2+ 44. Kc1 Bd7 45. Rc7 Bh3 46. a4
Bf1 47. Rg7 Kd4 48. Nb5+ Ke3 49. Rxg6 Bd3 50. Rxd6 Bxe4 51. a5 Rc2+ 52. Kb1
Rxc4+ 53. Kb2 Rc5 54. Nc3 Rc6 55. Nxe4 1-0

[Event "Bad Woerishofen Sen"]
[Site "Bad Woerishofen"]
[Date "2001.??.??"]
[Round "2"]
[White "Helmsen, Franz"]
[Black "Hausner, Alfreda"]
[Result "1/2-1/2"]
[WhiteElo "2159"]
[BlackElo "1670"]
[Annotator "ChessOrg"]
[PlyCount "68"]
[EventDate "1998.03.05"]
[Source "ChessBase"]
[SourceDate "1998.04.29"]

1. e4 e6 2. d4 d5 3. Nc3 dxe4 4. Nxe4 Bd7 5. Nf3 Bc6 6. Bd3 Nd7 7. O-O Ngf6 8.
Ned2 Be7 9. c4 O-O 10. Qe2 Bxf3 11. Nxf3 c5 12. Rd1 cxd4 13. Nxd4 Qc7 14. b3
Qe5 15. Bb2 Qxe2 16. Bxe2 a6 17. Bf3 Rab8 18. Re1 Bd6 19. Rad1 Bc7 20. g3 e5
21. Nf5 Rfd8 22. Ba3 g6 23. Ne7+ Kg7 24. Nd5 Nxd5 25. Rxd5 Nf6 26. Rxd8 Rxd8
27. Bb4 Ng8 28. Bd5 f6 29. Ba3 b6 30. Kf1 Bd6 31. Bc1 Ne7 32. Be4 Bb4 33. Be3
Bxe1 34. Kxe1 Rb8 1/2-1/2

[Event "Bad Woerishofen Sen"]
[Site "Bad Woerishofen"]
[Date "2001.??.??"]
[Round "4"]
[White "Helmsen, Franz"]
[Black "Neumann, Erwin"]
[Result "1-0"]
[WhiteElo "2159"]
[BlackElo "1794"]
[Annotator "ChessOrg"]
[PlyCount "97"]
[EventDate "1998.03.05"]
[Source "ChessBase"]
[SourceDate "1998.04.29"]

1. e4 e5 2. Nf3 Nf6 3. Nxe5 d6 4. Nf3 Nxe4 5. d4 d5 6. Bd3 Be7 7. O-O O-O 8. c4
Nf6 9. Nc3 dxc4 10. Bxc4 Bg4 11. Be3 Nc6 12. Be2 Re8 13. h3 Bh5 14. Re1 Nb4 15.
Bf4 c6 16. Bg3 Nbd5 17. Qb3 Qb6 18. Qxb6 axb6 19. Bc4 Bxf3 20. gxf3 Nxc3 21.
bxc3 b5 22. Bb3 Ba3 23. Rad1 Bb2 24. Rxe8+ Rxe8 25. c4 bxc4 26. Bxc4 b5 27. Bb3
Nd5 28. Bxd5 cxd5 29. Rb1 Bxd4 30. Rxb5 f6 31. Rxd5 Re1+ 32. Kg2 Bc3 33. Rc5
Bb4 34. Rb5 Ba3 35. Rb3 Bc5 36. Rb5 Ba3 37. Ra5 Bb4 38. Ra6 Ra1 39. Bf4 Kf7 40.
Be3 Kg6 41. Ra7 h5 42. h4 Bc3 43. a4 Kf5 44. Bb6 Rb1 45. a5 Rb4 46. Rc7 Be5 47.
Rxg7 Rxh4 48. a6 Rb4 49. a7 1-0

[Event "Bad Woerishofen Sen"]
[Site "Bad Woerishofen"]
[Date "2001.??.??"]
[Round "6"]
[White "Helmsen, Franz"]
[Black "Koenigl, Anton"]
[Result "1/2-1/2"]
[WhiteElo "2159"]
[BlackElo "1741"]
[Annotator "ChessOrg"]
[PlyCount "44"]
[EventDate "1998.03.05"]
[Source "ChessBase"]
[SourceDate "1998.04.29"]

1. e4 d5 2. Nc3 dxe4 3. Nxe4 Bf5 4. Ng3 Bg6 5. d4 Nf6 6. Bc4 e6 7. N1e2 Bd6 8.
Nf4 Bxf4 9. Bxf4 Nbd7 10. c3 Nb6 11. Bb3 c6 12. Qe2 Qe7 13. O-O O-O 14. Bg5 Qd8
15. Rad1 Nbd7 16. f3 Qa5 17. Bd2 Qb6 18. Be3 Qc7 19. Bf2 Rfe8 20. Ne4 Nxe4 21.
fxe4 Nf6 22. e5 Bh5 1/2-1/2

[Event "Bad Woerishofen Sen"]
[Site "Bad Woerishofen"]
[Date "2001.??.??"]
[Round "8"]
[White "Helmsen, Franz"]
[Black "Erler, Klaus-Juergen"]
[Result "1-0"]
[WhiteElo "2159"]
[BlackElo "1750"]
[Annotator "ChessOrg"]
[PlyCount "83"]
[EventDate "1998.03.05"]
[Source "ChessBase"]
[SourceDate "1998.04.29"]

1. e4 e6 2. d3 d5 3. Nd2 dxe4 4. dxe4 Bd7 5. Ngf3 Be7 6. Bd3 Nc6 7. O-O e5 8.
Nc4 Bf6 9. Ne3 Nge7 10. Bc4 O-O 11. c3 Qe8 12. Qe2 Nd8 13. Rd1 Be6 14. Bxe6
Nxe6 15. Ng4 Ng6 16. Nxf6+ gxf6 17. Bh6 Ng7 18. Qe3 b6 19. h4 Qe6 20. h5 Ne7
21. Nh2 Kh8 22. g4 Rad8 23. b3 Ng8 24. Bxg7+ Kxg7 25. f3 Ne7 26. Nf1 Qc8 27.
Ng3 h6 28. Kf2 Rxd1 29. Rxd1 Rd8 30. Rd3 Rd6 31. Rxd6 cxd6 32. Qd3 Qc5+ 33. Kf1
d5 34. exd5 Qxd5 35. Ke2 Qxd3+ 36. Kxd3 f5 37. gxf5 Kf6 38. Ke4 Nc8 39. c4 Nd6+
40. Kd5 Nxf5 41. Nxf5 Kxf5 42. b4 1-0

[Event "Bad Woerishofen Sen"]
[Site "Bad Woerishofen"]
[Date "2001.??.??"]
[Round "2"]
[White "Hemmers, Johann"]
[Black "Keserovic, Milan"]
[Result "0-1"]
[WhiteElo "1880"]
[BlackElo "2204"]
[Annotator "ChessOrg"]
[PlyCount "57"]
[EventDate "1998.03.05"]
[Source "ChessBase"]
[SourceDate "1998.04.29"]

1. d4 f5 2. c4 Nf6 3. Nf3 g6 4. g3 Bg7 5. Bg2 O-O 6. O-O d6 7. Nc3 Nc6 8. d5
Na5 9. Qd3 e5 10. dxe6 Bxe6 11. b3 Kh8 12. Nd4 Bd7 13. Bb2 Ng4 14. Rad1 f4 15.
Nf3 Nc6 16. Ba1 Nce5 17. Qd2 Nxf3+ 18. Bxf3 Ne5 19. Bxb7 f3 20. Kh1 Bh3 21.
Rfe1 Bg2+ 22. Kg1 Qd7 23. Ne4 Rab8 24. Bxe5 Bxe5 25. Nc5 Qh3 26. exf3 Rxf3 27.
Qd5 Rxg3 28. Qxe5+ dxe5 29. fxg3 0-1

[Event "Bad Woerishofen Sen"]
[Site "Bad Woerishofen"]
[Date "2001.??.??"]
[Round "4"]
[White "Hemmers, Johann"]
[Black "Ohmstede, Rudolf"]
[Result "1-0"]
[WhiteElo "1880"]
[BlackElo "1648"]
[Annotator "ChessOrg"]
[PlyCount "111"]
[EventDate "1998.03.05"]
[Source "ChessBase"]
[SourceDate "1998.04.29"]

1. d4 d5 2. c4 c6 3. Nf3 Nf6 4. e3 g6 5. Be2 Bg7 6. O-O O-O 7. Nc3 Nbd7 8. b3
Re8 9. Bb2 e6 10. Qc2 b6 11. e4 dxe4 12. Nxe4 Nxe4 13. Qxe4 Bb7 14. Qc2 Qc7 15.
Rad1 Rad8 16. b4 Nf6 17. Rfe1 Rd7 18. Ne5 Rdd8 19. Bf3 Nd7 20. Nxd7 Rxd7 21.
Re2 Red8 22. Red2 Qf4 23. Qe4 Qc7 24. Qe3 h6 25. Bc3 Kh7 26. g3 Bf6 27. h4 Bg7
28. Kg2 h5 29. c5 Bh6 30. Qe4 f5 31. Qxe6 Re7 32. Qc4 b5 33. Qf1 Bxd2 34. Rxd2
Bc8 35. d5 cxd5 36. Bf6 d4 37. Bxe7 Qxe7 38. Qxb5 a6 39. Qb6 Kg7 40. a4 f4 41.
Re2 Qf6 42. Qc7+ Kf8 43. Qxf4 Qxf4 44. gxf4 d3 45. Rd2 Rd4 46. b5 axb5 47. axb5
Bf5 48. b6 Rb4 49. b7 Ke7 50. Ra2 Bg4 51. Bc6 Be2 52. Ra4 Rb2 53. Rd4 Rb1 54.
Rd7+ Ke6 55. Rd8 Bf1+ 56. Kf3 1-0

[Event "Bad Woerishofen Sen"]
[Site "Bad Woerishofen"]
[Date "2001.??.??"]
[Round "6"]
[White "Hemmers, Johann"]
[Black "Hausner, Alfreda"]
[Result "1/2-1/2"]
[WhiteElo "1880"]
[BlackElo "1670"]
[Annotator "ChessOrg"]
[PlyCount "74"]
[EventDate "1998.03.05"]
[Source "ChessBase"]
[SourceDate "1998.04.29"]

1. d4 d5 2. c4 c6 3. Nf3 Nf6 4. e3 e6 5. Nc3 Be7 6. Bd3 O-O 7. O-O Nbd7 8. b3
Qc7 9. Bb2 b6 10. Rc1 Qd8 11. Qe2 Bb7 12. Rfd1 Bd6 13. e4 dxe4 14. Nxe4 Nxe4
15. Bxe4 Nf6 16. Bb1 Bf4 17. Rc2 Qe7 18. Qd3 g6 19. Re2 Bh6 20. Ne5 Bg7 21.
Rde1 Rad8 22. Qf3 Rd6 23. d5 c5 24. Qh3 Nh5 25. Qg4 Bc8 26. Qf3 Qf6 27. Qxf6
Nxf6 28. Nc6 exd5 29. Ne7+ Kh8 30. Bxf6 Bxf6 31. Nxd5 Kg7 32. Re8 Rxe8 33. Rxe8
Re6 34. Nc7 Rd6 35. Nd5 Be6 36. Be4 Bxd5 37. Bxd5 Rd7 1/2-1/2

[Event "Bad Woerishofen Sen"]
[Site "Bad Woerishofen"]
[Date "2001.??.??"]
[Round "8"]
[White "Hemmers, Johann"]
[Black "Miessner, Rolf"]
[Result "1-0"]
[WhiteElo "1880"]
[BlackElo "1750"]
[Annotator "ChessOrg"]
[PlyCount "59"]
[EventDate "1998.03.05"]
[Source "ChessBase"]
[SourceDate "1998.04.29"]

1. d4 Nf6 2. c4 e6 3. Nc3 Bb4 4. e3 c5 5. Bd3 d5 6. Nf3 Nc6 7. O-O cxd4 8. exd4
dxc4 9. Bxc4 O-O 10. Bg5 Be7 11. Rc1 b6 12. a3 Bb7 13. Qd2 Rc8 14. Ba2 Nd5 15.
Nxd5 exd5 16. Rfe1 Bxg5 17. Nxg5 h6 18. Nf3 Qd6 19. Qd3 Ne7 20. Bb1 g6 21. Rxc8
Bxc8 22. Qe3 Nf5 23. Bxf5 Bxf5 24. Qxh6 Qf6 25. h3 Qg7 26. Qg5 f6 27. Qe3 Qh8
28. Qe7 Qh5 29. Rc1 Bxh3 30. Rc7 1-0

[Event "Bad Woerishofen Sen"]
[Site "Bad Woerishofen"]
[Date "2001.??.??"]
[Round "1"]
[White "Hennig, Manfred"]
[Black "Wulf, Adalbert"]
[Result "0-1"]
[WhiteElo "1454"]
[BlackElo "1787"]
[Annotator "ChessOrg"]
[PlyCount "176"]
[EventDate "1998.03.05"]
[Source "ChessBase"]
[SourceDate "1998.04.29"]

1. c4 Nf6 2. Nc3 e6 3. d3 d5 4. cxd5 exd5 5. Bd2 Be7 6. g3 c6 7. Bg2 O-O 8. Nf3
Nbd7 9. O-O Bd6 10. a3 Ne5 11. b4 Nxf3+ 12. Bxf3 Bh3 13. Re1 d4 14. Ne4 Nxe4
15. Bxe4 Qd7 16. f4 Rae8 17. Rc1 Be6 18. Rf1 f5 19. Bg2 Qf7 20. Qe1 Bb3 21. Qf2
Bc7 22. Rfe1 Rd8 23. Bf3 Bb6 24. Kf1 Rd6 25. Rb1 Bd5 26. Bxd5 Qxd5 27. Qg2 Qa2
28. Red1 Qxa3 29. Rbc1 Qb3 30. Rb1 Qd5 31. Qxd5+ Rxd5 32. Rbc1 Re8 33. Kf2 Re6
34. Rc2 Kf7 35. Kf3 a6 36. h4 Rd7 37. Re1 Rde7 38. Rc4 g6 39. Rc2 Ke8 40. Bc1
Kd7 41. Ba3 Re3+ 42. Kf2 Re8 43. Rc4 R3e6 44. Bb2 Rd6 45. Kf3 Rd5 46. Rec1 Rd8
47. R1c2 Ke6 48. Bc1 R8d7 49. Bd2 R7d6 50. Ra2 Rb5 51. Rac2 Rdd5 52. Be1 Kd7
53. Bd2 Kc7 54. Rc1 a5 55. bxa5 Bxa5 56. Bxa5+ Rxa5 57. R1c2 Ra6 58. Rc5 Kd6
59. R5c4 b5 60. Rb4 Ra3 61. Kf2 Kc7 62. Rcb2 Kb6 63. Ke1 Ra1+ 64. Kf2 Ra5 65.
Rb1 c5 66. R4b2 b4 67. Kf3 Kb5 68. Rc1 Ra3 69. Kf2 Ra7 70. Rcb1 Rdd7 71. Rc1
Ra3 72. Rcb1 Rda7 73. Ke1 Ra1 74. Kf2 Rxb1 75. Rxb1 Ra2 76. Kf3 Ra3 77. Kf2 b3
78. Ke1 Kb4 79. Kd2 Ra2+ 80. Kd1 Rc2 81. Ra1 c4 82. dxc4 Rxc4 83. Ra7 b2 84.
Rb7+ Kc3 85. Rxb2 Kxb2 86. Kd2 Kb3 87. Kd3 Kb4 88. Kd2 Rc3 0-1

[Event "Bad Woerishofen Sen"]
[Site "Bad Woerishofen"]
[Date "2001.??.??"]
[Round "2"]
[White "Hennig, Manfred"]
[Black "Heissenboettel, Hans"]
[Result "1/2-1/2"]
[WhiteElo "1454"]
[BlackElo "1950"]
[Annotator "ChessOrg"]
[PlyCount "26"]
[EventDate "1998.03.05"]
[Source "ChessBase"]
[SourceDate "1998.04.29"]

1. c4 c5 2. Nc3 g6 3. e4 Bg7 4. Nge2 Nc6 5. d3 e6 6. g3 Nge7 7. Bg2 O-O 8. O-O
h6 9. Rb1 d6 10. Be3 Nd4 11. Bd2 Rb8 12. Nxd4 cxd4 13. Ne2 d5 1/2-1/2

[Event "Bad Woerishofen Sen"]
[Site "Bad Woerishofen"]
[Date "2001.??.??"]
[Round "5"]
[White "Hennig, Manfred"]
[Black "Kies, Werner"]
[Result "0-1"]
[WhiteElo "1454"]
[BlackElo "1981"]
[Annotator "ChessOrg"]
[PlyCount "108"]
[EventDate "1998.03.05"]
[Source "ChessBase"]
[SourceDate "1998.04.29"]

1. c4 g6 2. Nc3 Bg7 3. e4 d6 4. Nge2 e5 5. d3 Nc6 6. g3 Be6 7. Bg2 Nge7 8. O-O
Qd7 9. Nd5 h5 10. f4 h4 11. Bd2 hxg3 12. hxg3 O-O-O 13. Rb1 Bh3 14. Kf2 Bxg2
15. Kxg2 exf4 16. Ndxf4 Nd4 17. Nxd4 Bxd4 18. b3 g5 19. Nh5 f5 20. Bxg5 fxe4
21. dxe4 Be5 22. Rf7 Rde8 23. Qe2 Qe6 24. Rbf1 Nc6 25. Be3 Reg8 26. Qf3 Ne7 27.
Rh1 b6 28. Rh3 Kb7 29. Bf2 a5 30. Rh4 Ng6 31. Rh2 Ne7 32. Rh1 Rg5 33. Be3 Rg6
34. Kf2 Rhg8 35. Rg1 Rh8 36. g4 Rgg8 37. Ke2 a4 38. Rf6 Qd7 39. Rf7 Qe8 40. Rf1
Nc6 41. Rf2 axb3 42. axb3 Qa8 43. Ke1 Qa1+ 44. Qd1 Qc3+ 45. Bd2 Qd3 46. Qe2
Qxb3 47. Nf6 Rh1+ 48. Rf1 Bg3+ 49. Qf2 Bxf2+ 50. Kxf2 Rxf1+ 51. Kxf1 Qf3+ 52.
Ke1 Nd4 53. Rxc7+ Kxc7 54. Nd5+ Kb8 0-1

[Event "Bad Woerishofen Sen"]
[Site "Bad Woerishofen"]
[Date "2001.??.??"]
[Round "7"]
[White "Hennig, Manfred"]
[Black "Budde, Reinhard"]
[Result "1/2-1/2"]
[WhiteElo "1454"]
[BlackElo "1688"]
[Annotator "ChessOrg"]
[PlyCount "89"]
[EventDate "1998.03.05"]
[Source "ChessBase"]
[SourceDate "1998.04.29"]

1. c4 Nf6 2. Nc3 g6 3. e4 d6 4. d3 Bg7 5. Bd2 O-O 6. Be2 Nc6 7. Nf3 Re8 8. O-O
Bg4 9. h3 Bxf3 10. Bxf3 Nd4 11. Rb1 c6 12. Be2 Nxe2+ 13. Qxe2 e5 14. g4 Qd7 15.
f3 a6 16. a4 h5 17. Qg2 Qd8 18. Bg5 Qb6+ 19. Kh1 hxg4 20. fxg4 Nh7 21. Bh4 Qe3
22. Rf3 Qh6 23. Qf2 g5 24. Bg3 Qxh3+ 25. Bh2 Qxg4 26. Rg1 Qe6 27. Qg3 Qh6 28.
Rf5 f6 29. Nd1 b5 30. axb5 axb5 31. cxb5 Ra1 32. bxc6 Rc8 33. Nc3 Rxg1+ 34.
Kxg1 Rxc6 35. Rf2 Qh5 36. Qf3 Qxf3 37. Rxf3 Rb6 38. Rf2 Rb3 39. Kg2 Nf8 40. Bg3
Ne6 41. Kf3 Nc5 42. Ke3 Kh7 43. Rc2 Ne6 44. Ne2 Nc5 45. Nc3 1/2-1/2

[Event "Bad Woerishofen Sen"]
[Site "Bad Woerishofen"]
[Date "2001.??.??"]
[Round "9"]
[White "Hennig, Manfred"]
[Black "Block, Herbert"]
[Result "1-0"]
[WhiteElo "1454"]
[BlackElo "1700"]
[Annotator "ChessOrg"]
[PlyCount "77"]
[EventDate "1998.03.05"]
[Source "ChessBase"]
[SourceDate "1998.04.29"]

1. c4 c5 2. Nc3 g6 3. d3 Bg7 4. Bd2 b6 5. e4 Nc6 6. Nf3 Qc7 7. Be2 Nd4 8. Nxd4
Bxd4 9. Nb5 Qc6 10. Nxd4 cxd4 11. f4 d6 12. Bf3 e5 13. f5 Bd7 14. a4 a5 15. g4
f6 16. h4 Ne7 17. g5 Ng8 18. h5 O-O-O 19. hxg6 h6 20. gxh6 Ne7 21. h7 Ng8 22.
b3 Qc7 23. hxg8=Q Rdxg8 24. Rxh8 Rxh8 25. Qe2 Be8 26. O-O-O Qc5 27. Kb2 Rg8 28.
Rh1 Bxg6 29. fxg6 Rxg6 30. Bg4+ Kb7 31. Rh7+ Ka6 32. Bf5 Rg8 33. Be6 Rb8 34.
Rf7 Rh8 35. Rxf6 Rh1 36. Rf1 Rh7 37. Qg2 Rc7 38. Rf7 Rxf7 39. Bxf7 1-0

[Event "Bad Woerishofen Sen"]
[Site "Bad Woerishofen"]
[Date "2001.??.??"]
[Round "1"]
[White "Hennige, Anneliese"]
[Black "Tochtermann, Georg"]
[Result "0-1"]
[WhiteElo "1700"]
[BlackElo "2020"]
[Annotator "ChessOrg"]
[PlyCount "36"]
[EventDate "1998.03.05"]
[Source "ChessBase"]
[SourceDate "1998.04.29"]

1. e4 d6 2. Nf3 Nf6 3. Bd3 g6 4. O-O Bg7 5. Re1 e5 6. c4 Nc6 7. Qa4 Bd7 8. Qb3
b6 9. Nc3 O-O 10. Ne2 Bg4 11. Bc2 a5 12. a3 a4 13. Qb5 Ne7 14. Bxa4 Bxf3 15.
gxf3 Nh5 16. Ng3 Nf4 17. Bc2 Qc8 18. Qb3 Qh3 0-1

[Event "Bad Woerishofen Sen"]
[Site "Bad Woerishofen"]
[Date "2001.??.??"]
[Round "7"]
[White "Hennige, Anneliese"]
[Black "Malik, Rosemarie"]
[Result "1-0"]
[WhiteElo "1700"]
[BlackElo "1700"]
[Annotator "ChessOrg"]
[PlyCount "51"]
[EventDate "1998.03.05"]
[Source "ChessBase"]
[SourceDate "1998.04.29"]

1. e4 e5 2. Nf3 Nc6 3. c3 d6 4. d4 exd4 5. Nxd4 Bd7 6. g3 Nf6 7. Bg2 Rb8 8. O-O
Be7 9. Re1 O-O 10. Nd2 Ne5 11. N2f3 h6 12. h3 a6 13. b3 b5 14. Nh4 c5 15. Ndf5
Bxf5 16. Nxf5 Kh7 17. f4 Ng6 18. Qc2 Re8 19. e5 dxe5 20. fxe5 Ng8 21. e6 fxe6
22. Rxe6 Rb6 23. Nh4 Rxe6 24. Nxg6 Re1+ 25. Kh2 Qd1 26. Nf8+ 1-0